Vplyv nástupníctva na výkonnosť rodinných podnikov

Aj napriek tomu, že nie všade existujú presné národné štatistiky týkajúce sa zastúpenia rodinných podnikov v ekonomike, vieme, že ich podiel na výkonnosti je výrazný. Celoeurópsky ide o 70-80 % podiel rodinných podnikov na celkovom počte. Veľký podiel rodinných podnikov je z kategórie MSP. Zastúpeni...

Ausführliche Beschreibung

Gespeichert in:
Bibliographische Detailangaben
1. Verfasser: Jakubová, Zuzana, 1994-
Format: Buchkapitel
Sprache:Slowakisch
Schlagworte:
Tags: Tag hinzufügen
Keine Tags, Fügen Sie das erste Tag hinzu!

MARC

LEADER 00000naa$a2200000$$$4500
001 0299603
005 20240502074538.0
041 0 |a slo 
044 |a SK 
245 1 0 |a Vplyv nástupníctva na výkonnosť rodinných podnikov  |c Zuzana Jakubová 
520 |a Aj napriek tomu, že nie všade existujú presné národné štatistiky týkajúce sa zastúpenia rodinných podnikov v ekonomike, vieme, že ich podiel na výkonnosti je výrazný. Celoeurópsky ide o 70-80 % podiel rodinných podnikov na celkovom počte. Veľký podiel rodinných podnikov je z kategórie MSP. Zastúpenie MSP v Slovenskej republike je 99,9 %, kde najväčšie percento, 97,5, pripadá mikropodnikom, ktoré zamestnávajú pod 10 zamestnancov. Preto niet pochýb o ich dôležitosti a vplyve na výkonnosť hospodárstva. 
610 2 0 |a podnik rodinný 
610 2 0 |a ekonomika 
610 2 0 |a výkonnosť 
610 2 0 |a nástupníctvo podnikové 
610 2 0 |a legislatíva 
610 2 0 |a generácie 
100 1 |a Jakubová, Zuzana, 1994-